El vínculo ; Los Rembrandts ; La rosa de Cernobbio / (Registro nro. 32530)
[ vista simple ]
| 000 -CABECERA | |
|---|---|
| campo fijo de control de longitud | 00744cam a2200229 4500 |
| 001 - NÚMERO DE CONTROL | |
| campo de control | 32530 |
| 003 - IDENTIFICADOR DEL NÚMERO DE CONTROL | |
| campo de control | AR-RoBPED |
| 005 - FECHA Y HORADE LA ULTIMA TRANSACCION | |
| campo de control | 20260410125219.0 |
| 008 - ELEMENTOS DE LONGITUD FIJA--INFORMACION GENERAL | |
| campo fijo de control de longitud | 260408s1971 |||||||| |||| 00| 1 spa d |
| 040 ## - FUENTE CATALOGADORA | |
| Centro catalogador/agencia de origen | AR-RoBPED |
| 041 ## - IDIOMA | |
| Código de idioma para texto/pista de sonido o título independiente | spa |
| 100 1# - ENCABEZAMIENTO PRINCIPAL--AUTOR PERSONAL | |
| Nombre de persona | Mallea, Eduardo |
| Fechas nac-muerte | 1903-1982 |
| 9 (RLIN) | 7466 |
| 245 13 - TITULO | |
| Título | El vínculo ; Los Rembrandts ; La rosa de Cernobbio / |
| Mención de responsabilidad | Eduardo Mallea ; prólogo de Enrique Azcoaga |
| 260 ## - PUBLICACION | |
| Lugar | Navarra : |
| Editor | Salvat, |
| Fecha | 1970. |
| 300 ## - DESCRIPCION FISICA | |
| Extensión | 173 p. |
| 490 0# - SERIE | |
| Mención de serie | (Biblioteca Básica Salvat ; |
| Designación de volumen o secuencia | 61) |
| 650 #4 - TERMINO DE MATERIA--CONTROLADO | |
| Término controlado | LITERATURA ARGENTINA |
| 9 (RLIN) | 15616 |
| Término controlado | CUENTOS |
| 9 (RLIN) | 291 |
| 700 ## - ENCABEZAMIENTO SECUNDARIO--AUTOR PERSONAL | |
| Nombre de persona | Azcoaga, Enrique |
| Fecha de nac-muerte | 1912-1985 |
| 9 (RLIN) | 30646 |
| 942 ## - ELEMENTOS KOHA | |
| Fuente de clasificación | Universal Decimal Classification |
| Número Koha | k. 32530 |
| Koha tipo de ítem | Libro |
| Clasificación | 860(82)-3 |
| Signatura librística | M 21 |
| Inventario | inv. 42338 |
| 945 ## - PROCESAMIENTO DE LA INFORMACIÓN LOCAL | |
| Catalogador y fecha | mm 08/04/2026 mev 10/04/2026 |
| Estado retirado | Estado perdido | Fuente de clasificación | Estado dañado | No se presta | Biblioteca propietaria | Biblioteca de reserva | Fecha de adquisición | Procedencia | Total de préstamos | Signatura topográfica completa | Código de barras (nº de inventario) | Fecha visto por última vez | Catalogador y fecha | Tipo de ítem Koha | Nota pública |
|---|---|---|---|---|---|---|---|---|---|---|---|---|---|---|---|
| Universal Decimal Classification | Biblioteca Pedagógica Eudoro Díaz | Biblioteca Pedagógica Eudoro Díaz | 27/03/2026 | Donación | 860(82) -3 M 21 | 42338 | 08/04/2026 | mm 08/04/2026 | Libro | Se presta 15 días. |